Data analytics and visualization for business and environment/ (Record no. 215441)

MARC details
000 -LEADER
fixed length control field 00631nam a22001937a 4500
005 - DATE AND TIME OF LATEST TRANSACTION
control field 20260309161506.0
010 ## - LCCN (DPL NO)
LC control number ENG-147466
020 ## - INTERNATIONAL STANDARD BOOK NUMBER
International Standard Book Number 9789371367110
Terms of availability 559.00
035 ## - SYSTEM CONTROL NUMBER
System control number EN-130998
037 ## - SOURCE OF ACQUISITION
Source of stock number/acquisition DBAD
082 ## - DEWEY DECIMAL CLASSIFICATION NUMBER
Classification number 005.7565
Edition number 1
100 ## - MAIN ENTRY--PERSONAL NAME
Personal name Senthil V
245 ## - TITLE STATEMENT
Title Data analytics and visualization for business and environment/
Statement of responsibility, etc V.Senthil
250 ## - EDITION STATEMENT
Edition statement 1
260 ## - PUBLICATION, DISTRIBUTION, ETC. (IMPRINT)
Place of publication, distribution, etc Noida
Name of publisher, distributor, etc Pearson India Education Services Pvt.Ltd
Date of publication, distribution, etc 2026
270 ## - ADDRESS
City Uttar Pradesh
Address 1st Floor ;Berger tower Pilot No .C -001A/2;Sector 16B
Postal code 201301
300 ## - PHYSICAL DESCRIPTION
Extent V.Pages
Dimensions 23cm (pb)
942 ## - ADDED ENTRY ELEMENTS (KOHA)
Source of classification or shelving scheme Dewey Decimal Classification
Item type English Books
Classification part 005.7565
Call number suffix SEN
Edition 1
Holdings
Withdrawn status Lost status Not for loan Collection code Home library Current library Date acquired Source of acquisition Cost, normal purchase price Full call number Barcode Copy number Cost, replacement price Koha item type
      Fiction Janak Puri Janak Puri 09/03/2026 DBAD 559.00 005.7565 SEN EN-131415 1 559.00 English Books

© Delhi Public Library
Hit Counter
free hit counter